000
00317nam a2200133Ia 4500
005
20251222144700.0
008
251222s9999||||xx |||||||||||||| ||spa||
020
_a
49.797-1970
082
_a
858.9/M86S
100
_a
Moravia, Alberto
245
0
_a
Los Sueños del Haragón
264
_b
Plaza & Janés
942
_c
LIB
999
_c
17392
_d
17392